| 000 | 00391nam a2200157Ia 4500 | ||
|---|---|---|---|
| 008 | 230711s9999||||xx |||||||||||||| ||und|| | ||
| 041 | _aENG | ||
| 082 |
_a621.3 _bBH-G |
||
| 100 | _aBHRA | ||
| 245 | 0 | _aInternational conference on geothermal energy | |
| 250 | _a1st Ed. | ||
| 260 |
_c1982 _aNew Delhi _bBHRA Oxford Publication |
||
| 300 | _a454 | ||
| 650 | _aCivil Engineering | ||
| 942 | _cBK | ||
| 999 |
_c2889 _d2889 |
||